000 00352nam a2200133 i 4500
001 bg
100 1 _aKOLKA, Władysław.
245 1 0 _aZadania z wybranych działów fizyki.
_nCz. 1,
_pFizyka klasyczna /
_cWładysław Kolka.
260 _aGdańsk,
_c1980.
040 _cBPK
041 _apol
942 _cKS
008 s pl f |000 0 pol
999 _c19817
_d19817
856 _uhttp://koha.tu.koszalin.pl/cgi-bin/koha/opac-detail.pl?biblionumber=19817
_yKatalog online BPK